Central Library OPAC University of Rajshahi

A textbook of soil science / (Record no. 15761)

MARC details
000 -LEADER
fixed length control field 00815cam a22002652 4500
001 - CONTROL NUMBER
control field 15761
003 - CONTROL NUMBER IDENTIFIER
rucl marc code UkOxU
005 - DATE AND TIME OF LATEST TRANSACTION
control field 20211208235900.0
008 - FIXED-LENGTH DATA ELEMENTS--GENERAL INFORMATION
fixed length control field 140210s1994 ii a 001 0 eng d
020 ## - INTERNATIONAL STANDARD BOOK NUMBER
International Standard Book Number 0074620436
035 ## - SYSTEM CONTROL NUMBER
System control number OCLC ocm16209390 from D970809M
-- (BD-RjUL)15816
040 ## - CATALOGING SOURCE
Original cataloging agency UKM
Transcribing agency UKM
Modifying agency OCL
-- BD-RjUL
Language of cataloging eng
041 ## - LANGUAGE CODE
Language code of text/sound track or separate title eng
082 0# - DEWEY DECIMAL CLASSIFICATION NUMBER
Classification number 631.4
Edition number 23
Author mark and year BIT 2004
100 1# - MAIN ENTRY--PERSONAL NAME
Personal name Biswas, T D
9 (RLIN) 48892
245 12 - TITLE STATEMENT
Title A textbook of soil science /
Remainder of title T D Biswas, S K Mukherjee
250 ## - EDITION STATEMENT
Edition statement 2nd ed., Indian Reprint ed.
260 ## - PUBLICATION, DISTRIBUTION, ETC. (IMPRINT)
Place of publication, distribution, etc. New delhi :
Name of publisher, distributor, etc. Tata McGraw -hill publishing com. Ltd.,
Date of publication, distribution, etc. c1994 [reprinted 2004].
300 ## - PHYSICAL DESCRIPTION
Pagination xi, 433p. :
Illustrations ill. ;
Size 22 cm.
500 ## - GENERAL NOTE
General note Includes index.
504 ## - BIBLIOGRAPHY, ETC. NOTE
Bibliography, etc Bibliography: p. 351-364.
650 #0 - SUBJECT ADDED ENTRY--TOPICAL TERM
Topical term or geographic name as entry element soil science
9 (RLIN) 48893
942 ## - ADDED ENTRY ELEMENTS (KOHA)
Source of classification or shelving scheme Dewey Decimal Classification
Koha item type Books
Holdings
Lost status Source of classification or shelving scheme Damaged status Not for loan Collection code Permanent Location Current Location Shelving location Date acquired Source of acquisition Cost, normal purchase price Total Checkouts Full call number Date last seen Date checked out Copy number Koha item type
  Dewey Decimal Classification     Non-fiction Central Library, University of Rajshahi Central Library, University of Rajshahi   24/10/2005 paragon enterprises 165.00 1 631.4 BIT 2004 27/02/2017 08/02/2017 C-7 Books
  Dewey Decimal Classification     Non-fiction Central Library, University of Rajshahi Central Library, University of Rajshahi   24/10/2005 Dhaka paragon enterprises ltd. 165.00   631.4 BIT 1994 01/10/2016   C-2 Books
  Dewey Decimal Classification   Not For Loan Non-fiction Central Library, University of Rajshahi Central Library, University of Rajshahi Reading Room 24/10/2005 Paragogn Enterprise, Dhaka 165.00   631.4 BIT 1994 19/03/2017   C-1 Books
  Dewey Decimal Classification     Non-fiction Central Library, University of Rajshahi Central Library, University of Rajshahi   24/10/2005 Paragogn Enterprise, Dhaka 165.00   631.4 BIT 2004 01/06/2017   C-3 Books
  Dewey Decimal Classification     Non-fiction Central Library, University of Rajshahi Central Library, University of Rajshahi   24/10/2005 Paragogn Enterprise, Dhaka 165.00 1 631.4 BIT 2004 20/03/2018 01/03/2018 C-4 Books
  Dewey Decimal Classification     Non-fiction Central Library, University of Rajshahi Central Library, University of Rajshahi   24/10/2005 Paragogn Enterprise, Dhaka 165.00   631.4 BIT 2004 01/06/2017   C-5 Books
  Dewey Decimal Classification     Non-fiction Central Library, University of Rajshahi Central Library, University of Rajshahi   24/10/2005 Paragogn Enterprise, Dhaka 165.00   631.4 BIT 2004 01/06/2017   C-6 Books
  Dewey Decimal Classification     Non-fiction Central Library, University of Rajshahi Central Library, University of Rajshahi   24/10/2005 Paragogn Enterprise, Dhaka 165.00   631.4 BIT 2004 01/06/2017   C-8 Books
  Dewey Decimal Classification     Non-fiction Central Library, University of Rajshahi Central Library, University of Rajshahi   24/10/2005 Paragogn Enterprise, Dhaka 165.00   631.4 BIT 2004 01/06/2017   C-9 Books
  Dewey Decimal Classification     Non-fiction Central Library, University of Rajshahi Central Library, University of Rajshahi   24/10/2005 Dhaka, Paragon Enterprises Ltd., 165.00   631.4 BIT 2004 16/08/2017   C-10 Books